Most painful childhood things - Statistics

General Stats
  • This quiz has been taken 110 times
  • The average score is 7 of 18
Answers on the Grid
Answers color-coded by a green-red scale on the quiz's grid according to % correct below.
studying
Gaming
Homework
Parental Controls
Braces
theme parks
Playgrounds
Playdates
Waterparks
Razor scooters
life
your mom
thick of it
Siblings
Your Dad
Screen Time
time out
ice cream
pizza
FREE ANSWER:Pencil its yes don't tell the owner -GREENFOOL
detention
Movies
Your parents telling you its time to go when your doing something with your friend or gaming
annoying kids
bullies
T13
Belt
slipper
insults
arcade
 
Answer Stats
Answer % Correct
studying
72%
Homework
70%
Braces
69%
Parental Controls
64%
bullies
48%
Your parents telling you its time to go when your doing something with your friend or gaming
45%
detention
40%
insults
39%
your mom
37%
time out
34%
Belt
31%
FREE ANSWER:Pencil its yes don't tell the owner -GREENFOOL
31%
Razor scooters
31%
annoying kids
28%
Siblings
28%
Your Dad
24%
slipper
16%
thick of it
12%
No matching quizzes found
Score Distribution
Percent of People with Each Score
Percentile by Number Answered
Your Score History
You have not taken this quiz